000 00784nam a2200205 a 4500
003 AM-YeHGA
005 20250617154338.0
008 180409s1948 ru c||||rf||||000|0|rus||
040 _aAM-YeHGA
041 0 _arus
245 0 0 _aРодная Якутия :
_bСборник молодых русских писателей Якутии /
_cПод ред. И. Жига.
260 _aЯкутск :
_bЯкгиз,
_c1948.
300 _a152 с. :
_bпортр. ;
_c20 см.
650 1 4 _aРусская художественная литература
650 1 4 _aСоветская литература
650 1 4 _aРусская литература
_vСборники
700 1 _aЖига, Иван Федорович
_eред.
_4edt
942 _2udc
_cBK
090 _c412179
999 _c409891
_d409891